000 00964nam a22003137a 4500
001 0039524
003 KOHA_MİRAKIL
005 20260207003132.0
007 ta
008 130220b1992 tu a|||gr||||#0|||1|tur |
020 _a0175565694
040 _aTR-BiSEU
_btur
_cTR-BiSEU
_erda
041 0 _atur
044 _ctu
050 _aPE1128.I54
_bD46 1992
100 1 _aMacLean, Alistair.
245 1 _aAlistair MacLean's hostage tower/
_cAlistair MacLean ; written by John Denis / abridged and ed. by L. Jones.
264 1 _aWalton-on-Thames, Surrey :
_bNelson
_c1992
300 _a64 pages :
_billustrated ;
_c19 cm.
336 _ametin
_btxt
_2rdacontent
337 _aaracısız
_bn
_2rdamedia
338 _acilt
_bnc
_2rdacarrier
490 1 _aNelson readers ;
_vLevel 4
650 0 _aHikayeler, İngiliz.
_973462
650 0 _aShort stories, English.
_971724
830 1 _aNelson readers ;
_vLevel 4
_973463
907 _aDil
942 _2lcc
_cBK
999 _c39402
_d39402